[Event "Mahilong Birla Memorial 23 rd"]
[Site "Mahilong"]
[Date "2024.07.23"]
[Round "9"]
[White "Krishna, Kumar Saw"]
[Black "Alka, Das"]
[Result "0-1"]
[WhiteElo "1736"]
[BlackElo "1804"]
[PlyCount "78"]
[EventDate "2024.07.20"]
[EventType "swiss"]
[EventRounds "9"]
[EventCountry "IND"]
[SourceTitle "EXT 2025"]
[Source "ChessBase"]
[SourceDate "2024.10.14"]
[SourceVersion "1"]
[SourceVersionDate "2024.10.14"]
[SourceQuality "1"]

1. e4 c5 2. Nf3 d6 3. d4 cxd4 4. Nxd4 Nf6 5. Nc3 g6 6. Be2 Bg7 7. Be3 0-0 8. f3 Nc6 9. Qd2 d5 10. exd5 Nxd5 11. Nxd5 Qxd5 12. Nxc6 Qxc6 13. c3 Be6 14. 0-0 b5 15. Rfd1 a5 16. Bd4 Rfd8 17. Qe3 Bxd4 18. Rxd4 Rxd4 19. Qxd4 Rb8 20. b3 a4 21. bxa4 bxa4 22. c4 a3 23. Rd1 Qb6 24. c5 Qb2 25. Bc4 Qc2 26. Bxe6 fxe6 27. Rd2 Rb1+ 28. Kf2 Qc1 29. Kg3 Rb2 30. Qd8+ Kf7 31. Rd4 g5 32. Qh8 Qc2 33. Kg4 Qxg2+ 34. Kh5 Qxf3+ 35. Kxg5 Qf5+ 36. Kh4 Rxh2+ 37. Kg3 Rh3+ 38. Kg2 Qf3+ 39. Kg1 Rh1# 0-1

[Event "Mahilong Birla Memorial 23 rd"]
[Site "Mahilong"]
[Date "2024.07.22"]
[Round "8"]
[White "Ajay, Kumar1"]
[Black "Krishna, Kumar Saw"]
[Result "0-1"]
[WhiteElo "1572"]
[BlackElo "1736"]
[PlyCount "92"]
[EventDate "2024.07.20"]
[EventType "swiss"]
[EventRounds "9"]
[EventCountry "IND"]
[SourceTitle "EXT 2025"]
[Source "ChessBase"]
[SourceDate "2024.10.14"]
[SourceVersion "1"]
[SourceVersionDate "2024.10.14"]
[SourceQuality "1"]

1. c4 e5 2. Nc3 Nf6 3. g3 d5 4. cxd5 Nxd5 5. Bg2 Be6 6. Nf3 Nc6 7. e3 Be7 8. d4 exd4 9. Nxd4 Nxd4 10. exd4 c6 11. 0-0 0-0 12. Nxd5 Bxd5 13. Bxd5 Qxd5 14. Re1 Bf6 15. Be3 Rfd8 16. Qb3 Qxb3 17. axb3 Rd5 18. Ra4 a6 19. Rc4 Rad8 20. b4 Kf8 21. Rd1 a5 22. bxa5 Rxa5 23. b4 Ra4 24. Bf4 Be7 25. Rb1 Rd5 26. Rb2 Ke8 27. Bc7 Rb5 28. Re2 Kd7 29. Bf4 Raxb4 30. Rxb4 Rxb4 31. Rd2 Bf6 32. Be3 Ke6 33. Kg2 Kd5 34. Kf3 Bxd4 35. Kf4 c5 36. h4 Ke6 37. Bxd4 Rxd4+ 38. Rxd4 cxd4 39. Ke4 d3 40. Kxd3 Kd5 41. g4 h6 42. f4 b5 43. f5 Ke5 44. Kc3 Kf4 45. g5 hxg5 46. hxg5 Kxg5 0-1

[Event "Mahilong Birla Memorial 23 rd"]
[Site "Mahilong"]
[Date "2024.07.22"]
[Round "7"]
[White "Krishna, Kumar Saw"]
[Black "Debanjan, Sinha"]
[Result "0-1"]
[WhiteElo "1736"]
[BlackElo "1724"]
[PlyCount "68"]
[EventDate "2024.07.20"]
[EventType "swiss"]
[EventRounds "9"]
[EventCountry "IND"]
[SourceTitle "EXT 2025"]
[Source "ChessBase"]
[SourceDate "2024.10.14"]
[SourceVersion "1"]
[SourceVersionDate "2024.10.14"]
[SourceQuality "1"]

1. e4 c5 2. Nf3 e6 3. d4 cxd4 4. Nxd4 Nc6 5. Nc3 Nf6 6. a3 a6 7. Be3 Qc7 8. Be2 Be7 9. Qd2 b5 10. f3 Bb7 11. g4 d6 12. h4 Ne5 13. h5 Nc4 14. Bxc4 Qxc4 15. 0-0-0 Nd7 16. g5 Rc8 17. g6 f6 18. gxh7 Rxh7 19. Qg2 Nf8 20. Rh3 d5 21. Nde2 a5 22. Rd4 Qc7 23. Nf4 b4 24. axb4 axb4 25. Nb1 Bc5 26. Ne2 e5 27. Rg3 Bxd4 28. Nxd4 exd4 29. Bxd4 Ne6 30. Be3 d4 31. Bg1 d3 32. c3 Nf4 33. Qd2 Ne2+ 34. Kd1 Qxg3 0-1

[Event "Mahilong Birla Memorial 23 rd"]
[Site "Mahilong"]
[Date "2024.07.21"]
[Round "5"]
[White "Krishna, Kumar Saw"]
[Black "Aseem, Bihari Sharan"]
[Result "1/2-1/2"]
[WhiteElo "1736"]
[BlackElo "1822"]
[PlyCount "122"]
[EventDate "2024.07.20"]
[EventType "swiss"]
[EventRounds "9"]
[EventCountry "IND"]
[SourceTitle "EXT 2025"]
[Source "ChessBase"]
[SourceDate "2024.10.14"]
[SourceVersion "1"]
[SourceVersionDate "2024.10.14"]
[SourceQuality "1"]

1. e4 d5 2. exd5 Nf6 3. d4 Bg4 4. Nf3 Qxd5 5. c3 Bxf3 6. Qxf3 Qxf3 7. gxf3 e6 8. Bf4 Bd6 9. Bg3 Nbd7 10. Nd2 0-0-0 11. 0-0-0 h6 12. Bd3 Nd5 13. Nc4 Bf4+ 14. Bxf4 Nxf4 15. Kc2 g5 16. Ne3 c6 17. a4 Kc7 18. b3 Nf6 19. Nc4 Nxd3 20. Rxd3 Nd5 21. Rd2 b6 22. Ne5 Rh7 23. Nd3 Rg7 24. Rg1 Rg6 25. c4 Nf4 26. Nxf4 gxf4 27. Rg4 Rxg4 28. fxg4 Rg8 29. h3 h5 30. f3 f5 31. Rg2 fxg4 32. hxg4 Rg5 33. Kd3 e5 34. Ke4 hxg4 35. dxe5 gxf3 36. Rf2 Kd7 37. Kxf4 Rh5 38. Rxf3 Ke6 39. Rg3 Rh4+ 40. Ke3 Kxe5 41. Kd3 Rd4+ 42. Kc3 c5 43. Rg7 a5 44. Rg5+ Kf6 45. Rh5 Rd6 46. Rd5 Re6 47. Rh5 Kg6 48. Rd5 Re3+ 49. Kc2 Re2+ 50. Kd3 Re6 51. Rd8 Kf7 52. Rh8 Kg7 53. Rh4 Kf7 54. Rh7+ Kg6 55. Rh4 Kf5 56. Rh5+ Kg4 57. Rh8 Kf4 58. Rf8+ Kg5 59. Rf3 Kg4 60. Re3 Rxe3+ 61. Kxe3 Kf5 1/2-1/2

[Event "IND-ch U09 op 32nd"]
[Site "Ranchi"]
[Date "2018.09.16"]
[Round "2.9"]
[White "Krishna, Kumar Saw"]
[Black "Borgaonkar, Akshay"]
[Result "0-1"]
[WhiteElo "1133"]
[BlackElo "1484"]
[PlyCount "60"]
[EventDate "2018.09.15"]
[EventType "swiss"]
[EventRounds "11"]
[EventCountry "IND"]
[SourceTitle "EXT 2024"]
[Source "ChessBase"]
[SourceDate "2023.10.10"]
[SourceVersion "1"]
[SourceVersionDate "2023.10.10"]
[SourceQuality "1"]

1. e4 c5 2. Nf3 d6 3. d4 cxd4 4. Nxd4 Nf6 5. Nc3 Nc6 6. Be2 e6 7. Be3 Be7 8. Qd2 a6 9. f3 Qc7 10. g4 b5 11. h4 Nxd4 12. Bxd4 e5 13. Be3 Be6 14. h5 Rc8 15. g5 Nd7 16. a3 Nb6 17. Kf2 f5 18. exf5 Bxf5 19. Rae1 Rf8 20. Kg2 Nc4 21. Bxc4 Qxc4 22. Kg3 Be6 23. Rh4 Rxf3+ 24. Kxf3 Qxh4 25. h6 Bg4+ 26. Kg2 Qh3+ 27. Kg1 Qg3+ 28. Kf1 Bh3+ 29. Ke2 Qg4+ 30. Kf2 Qg2# 0-1